Способ получения N-ацилпроизводных 4-аминоантипирина

Λεπτομέρειες βιβλιογραφικής εγγραφής
Συγγραφή απο Οργανισμό/Αρχή: Томский политехнический университет (ТПУ)
Άλλοι συγγραφείς: Яговкин А. Ю. Александр Юрьевич, Быстрицкий Е. Л., Бакибаев А. А. Абдигали Абдиманапович
Περίληψη:опубл. 27.12.04
Патентуется способ получения обладающих обезболивающим и противовоспалительным действием N-ацилпроизводных 4-аминоантипирина формулы (I, R=алкил, арилалкил), включающий реакцию ацилирования 4-аминоантипирина в среде органического растворителя свободный алкил-, арилалкилкарбоновой кислотой. Процесс ведут в присутствии каталитических количеств арилсульфокислоты при температуре кипения реакционной массы с азеотропной отгонкой образующейся воды.
В фонде НТБ ТПУ отсутствует
Γλώσσα:Ρωσικά
Έκδοση:
Θέματα:
Μορφή: Βιβλίο
KOHA link:https://koha.lib.tpu.ru/cgi-bin/koha/opac-detail.pl?biblionumber=599799

MARC

LEADER 00000nam0a2200000 4500
001 599799
005 20231101132056.0
029 1 0 |a RU  |b 2243219  |c Пат.  |d МПК 7 C 07 D 231/22 
035 |a (RuTPU)RU\TPU\tpu\23936 
035 |a RU\TPU\tpu\23933 
039 0 |a RU  |b 2006136735/11  |c 20061016 
090 |a 599799 
100 |a 20131111j20041227k y0rusy50 ca 
101 0 |a rus 
102 |a RU 
105 |a a k 000zy 
200 1 |a Способ получения N-ацилпроизводных 4-аминоантипирина  |f А. Ю. Яговкин, Е. Л. Быстрицкий, А. А. Бакибаев  |g Томский политехнический университет (ТПУ) 
300 |a опубл. 27.12.04 
330 |a Патентуется способ получения обладающих обезболивающим и противовоспалительным действием N-ацилпроизводных 4-аминоантипирина формулы (I, R=алкил, арилалкил), включающий реакцию ацилирования 4-аминоантипирина в среде органического растворителя свободный алкил-, арилалкилкарбоновой кислотой. Процесс ведут в присутствии каталитических количеств арилсульфокислоты при температуре кипения реакционной массы с азеотропной отгонкой образующейся воды. 
333 |a В фонде НТБ ТПУ отсутствует 
610 1 |a патенты 
610 1 |a труды учёных ТПУ 
701 1 |a Яговкин  |b А. Ю.  |g Александр Юрьевич 
701 1 |a Быстрицкий  |b Е. Л. 
701 1 |a Бакибаев  |b А. А.  |c химик  |c профессор Томского политехнического университета, доктор химических наук  |f 1960-  |g Абдигали Абдиманапович  |x TPU  |2 stltpush  |3 (RuTPU)RU\TPU\pers\27073 
712 0 2 |a Томский политехнический университет (ТПУ)  |c (1991-2009)  |2 stltpush  |3 (RuTPU)RU\TPU\col\376 
801 1 |a RU  |b 63413507  |c 20120201 
801 2 |a RU  |b 63413507  |c 20200923  |g RCR 
942 |c BK